00999 a2200205 4500003000500000005001700005040000900022082001600031100003900047245019700086260003300283300001200316505021600328650002300544651001900567700004800586942001200634999001900646952012800665NUST20251111183752.0 cNust a621.382,ZIA aZia, CJUO Kamran (TCC-10)9131816 aDesign and implementation of mobile network using cordless telephones /cCJUO Kamran Zia, NC Sohaib Faruq, GC Umair Kaleem Butt, CQMS Salman Ahmed, GC Zeeshan Zafar and GC Waqqas Mansoor.  aRawalpindibMCS (NUST)c2002 a101 p.; aIntroduction (Page-2), The Dect Standard (Page-8), Hardware Implementation (Page-41), Dect / Gap Simulation Software (Page-64), Environmental Model (Page-91), Future Application and Recommendations (Page-111).  aUG Projects998716 aTCC-109131808 aSupervised by Lec Aamir Masood Khan9131817 cPR2ddc c184209d184209 00102ddc4070aMCSbMCScREFd2016-12-12o621.382,ZIApMCSPTC-36r2016-12-08w2016-12-12yPRzAlmirah No. 94, Shelf No. 1